Reklamace budou problémem roku 2003

Nový obsah pojmu reklamácia podľa novely Občianskeho zákonníka platného od roku 2003 v Českej republike.

Guardado en:
Detalles Bibliográficos
Autor principal: Rysková, Světlana
Formato: Capítulo de libro
Lenguaje:checo
Materias:
Etiquetas: Agregar Etiqueta
Sin Etiquetas, Sea el primero en etiquetar este registro!

MARC

LEADER 00000naa a2200000 4500
001 r046576
005 20231004070735.4
041 0 |a cze 
044 |a CZ 
245 1 0 |a Reklamace budou problémem roku 2003  |c Světlana Rysková 
520 |a Nový obsah pojmu reklamácia podľa novely Občianskeho zákonníka platného od roku 2003 v Českej republike. 
610 2 0 |a reklamácie 
610 2 0 |a zákonník občiansky 
610 2 0 |a Česko 
610 2 0 |a spotrebitelia 
610 2 0 |a predajcovia 
100 1 |a Rysková, Světlana